000 00474cam a2200205 4500
001 D7817
008 090401t1975 xxu||||| |||| 00| 0 eng d
035 _a(Sirsi) u9618
041 _aeng
050 _a624.175
100 _aPenwarden, A.D.
245 _aWind environment around buildings
260 _aLondon
_bHMSO
_c1975
300 _avii. 52p. ill. 30cm
350 _a2.5
490 _aBRE Report
700 _aWise, A.F.E.
942 _n0
948 _c04/03/1997
999 _c86646
_d86646